Logo BPK

Bibliografia Prac Pracowników

Politechniki Koszalińskiej

Band structure and optical characteristics of TDA crystals / (Rekord nr 7711)

Szczegóły MARC
000 -ETYKIETA REKORDU
podpole kontrolne o stałej długości 00661nab a22001817a 4500
003 - IDENTYFIKATOR NUMERU KONTROLNEGO REKORDU
podpole kontrolne BPK
005 - DATA OSTATNIEJ MODYFIKACJI REKORDU
podpole kontrolne 20191005115522.0
008 - POLE O STAŁEJ DŁUGOŚCI - DANE KONTROLNE
podpole kontrolne o stałej długości 160822b2011 -uk||||| |||| 00| ||eng
040 ## - ŹRÓDŁO KATALOGOWANIA
Instytucja, która utworzyła rekord BPK
041 ## - KOD JĘZYKA
Kod języka tekstu eng
044 ## - KOD KRAJU WYDAWCY/PRODUCENTA
Kod kraju wydawcy/producenta GBR
100 ## - NAZWA OSOBOWA
Nazwa osobowa Andriyevskyy, Bohdan
Określenie rodzaju współpracy Autor
Lata pracy 2001 - .
Instytucja Politechnika Koszalińska - Wydział Elektroniki i Informatyki,
Wydział Katedra Podstaw Elektroniki
245 ## - TYTUŁ/ODPOWIEDZIALNOŚĆ
Tytuł Band structure and optical characteristics of TDA crystals /
Pozostałe elementy strefy tytułu i oznaczenia odpowiedzialności Bohdan Andriyevsky, M. Jaskólski.
260 ## - STREFA ADRESU WYDAWNICZEGO
Data publikacji, dystrybucji/powstania dokumentu 2011.
500 ## - UWAGI OGÓLNE
Tekst uwagi Dane z listy publikacji prof. Bohdana Andriyevskyy'ego.
773 ## - TYTUŁ DOKUMENTU MACIERZYSTEGO
Wyrażenie wprowadzające W :
Tytuł Ferroelectrics. -
Informacje dotyczące relacji 2011, Vol. 417, pp. 9-13
942 ## - HASŁO DODATKOWE - ELEMENTY(KOHA)
Typ dokumentu Artykuł
Schemat klasyfikacji Uniwersalna klasyfikacja dziesiętna

Brak dostępnych egzemplarzy.

© 2014 Biblioteka Politechniki Koszalińskiej :: BIBLIOGRAFIA PRAC PRACOWNIKÓW